196 Countries in French Click Quiz - Statistics

General Stats
  • This quiz has been taken 139 times
  • The average score is 152 of 196
Answer Stats
Hint Answer % Correct
Albania Albanie
84%
Colombia Colombie
84%
Italy Italie
84%
Mauritania Mauritanie
84%
Namibia Namibie
84%
Paraguay Paraguay
84%
Tunisia Tunisie
84%
Comoros Comores
83%
Costa Rica Costa Rica
83%
Denmark Danemark
83%
Greece Grèce
83%
Palau Palaos
83%
Samoa Samoa
83%
Armenia Arménie
81%
Azerbaijan Azerbaïdjan
81%
Bahamas Bahamas
81%
Bangladesh Bengladesh
81%
Eswatini Eswatini
81%
Fiji Fidji
81%
Georgia Géorgie
81%
Hungary Hongrie
81%
India Inde
81%
Jordan Jordan
81%
Madagascar Madagascar
81%
Malta Malte
81%
San Marino Saint Marin
81%
Sri Lanka Sri Lanka
81%
Syria Syrie
81%
Vietnam Viêt Nam
81%
Zambia Zambie
81%
Afghanistan Afghanistan
80%
Algeria Algérie
80%
Angola Angola
80%
Antigua and Barbuda Antigua-et-Barbuda
80%
Austria Autriche
80%
Bahrain Bahreïn
80%
Belize Bélize
80%
Bhutan Bhoutan
80%
Botswana Bostwana
80%
Burkina Faso Burkina Faso
80%
Cameroon Cameroun
80%
Chile Chili
80%
China Chine
80%
Vatican City Cité du Vatican
80%
Djibouti Djibouti
80%
Eritrea Érythrée
80%
Federated States of Micronesia États fédérés de Micronésie
80%
France France
80%
Gabon Gabon
80%
Guinea Guinée
80%
Iran Iran
80%
Ireland Irlande
80%
Iceland Islande
80%
Jamaica Jamaïque
80%
Kazakhstan Kazakhstan
80%
Kenya Kenya
80%
Malaysia Malaisie
80%
Oman Oman
80%
Philippines Philippines
80%
Dominican Republic République dominicaine
80%
Romania Roumanie
80%
Somalia Somalie
80%
Turkmenistan Turkménistan
80%
Uruguay Uruguay
80%
Venezuela Venezuela
80%
Saudi Arabia Arabie Saoudite
79%
Argentina Argentina
79%
Barbados Barbade
79%
Belarus Biélorussie
79%
Bolivia Bolivie
79%
Bulgaria Bulgarie
79%
Cuba Cuba
79%
Dominica Dominique
79%
United States États-Unis
79%
Guinea-Bissau Guinée-Bissau
79%
Guyana Guyane
79%
Honduras Honduras
79%
Indonesia Indonésie
79%
Japan Japon
79%
Kuwait Koweit
79%
Liberia Libéria
79%
Morocco Maroc
79%
Mexico Mexique
79%
Mongolia Mongolie
79%
Montenegro Monténégro
79%
Mozambique Mozambique
79%
Nepal Népal
79%
Norway Norvège
79%
Panama Panama
79%
Poland Pologne
79%
Portugal Portugal
79%
Rwanda Rwanda
79%
Switzerland Suisse
79%
Suriname Suriname
79%
Tajikistan Tadjikistan
79%
Tanzania Tanzanie
79%
Andorra Andorre
77%
Australia Australie
77%
Benin Bénin
77%
Cambodia Cambodge
77%
Canada Canada
77%
Cape Verde Cap-Vert
77%
Cyprus Chypre
77%
Ivory Coast Côte d'Ivoire
77%
Egypt Egypte
77%
Spain Espagne
77%
Estonia Estonie
77%
Ethiopia Ethiopie
77%
Ghana Ghana
77%
Guatemala Guatemala
77%
Kiribati Kiribati
77%
Kosovo Kosovo
77%
Laos Laos
77%
Lesotho Lesotho
77%
North Macedonia Macédoine du Nord
77%
Nicaragua Nicaragua
77%
Niger Niger
77%
New Zealand Nouvelle-Zélande
77%
Papua New Guinea Papouasie Nouvelle Guinée
77%
Peru Pérou
77%
Saint Lucia Sainte-Lucie
77%
São Tomé and Príncipe São Tomé et Príncipe
77%
Senegal Sénégal
77%
Serbia Serbie
77%
Seychelles Seychelles
77%
Sierra Leone Sierra Leone
77%
Singapore Singapour
77%
South Sudan Soudan du sud
77%
Togo Togo
77%
Tonga Tonga
77%
Yemen Yémen
77%
South Africa Afrique du Sud
76%
Belgium Belgique
76%
Bosnia and Herzegovina Bosnie et Herzégovine
76%
Brunei Brunéi
76%
Burundi Burundi
76%
South Korea Corée du Sud
76%
Croatia Croatie
76%
Finland Finlande
76%
Gambia Gambie
76%
Grenada Grenade
76%
Equatorial Guinea Guinée Équatoriale
76%
Israel Israël
76%
Kyrgyzstan Kirghizistan
76%
Liechtenstein Liechtenstein
76%
Luxembourg Luxembourg
76%
Malawi Malawi
76%
Mali Mali
76%
Monaco Monaco
76%
Nigeria Nigeria
76%
Uzbekistan Ouzbékistan
76%
Russia Russie
76%
Saint Kitts and Nevis Saint-Christophe-et-Niévès
76%
Saint Vincent and the Grenadines Saint Vincent et le Grenadines
76%
Slovenia Slovénie
76%
Sweden Suède
76%
Taiwan Taïwan
76%
Ukraine Ukraine
76%
Vanuatu Vanuatu
76%
Brazil Brésil
74%
Ecuador Equateur
74%
Haiti Haïti
74%
Iraq Irak
74%
Solomon Islands Les îles Salomon
74%
Lithuania Lituanie
74%
Maldives Maldives
74%
Moldova Moldavie
74%
Qatar Qatar
74%
Central African Republic République centrafricaine
74%
Czech Republic République tchèque
74%
Thailand Thaïlande
74%
East Timor Timor oriental
74%
Zimbabwe Zimbabwe
74%
Germany Allemagne
73%
North Korea Corée du Nord
73%
Mauritius Maurice
73%
Nauru Nauru
73%
Pakistan Pakistan
73%
Democratic Republic of the Congo République démocratique du congo
73%
Republic of the Congo République du Congo
73%
Slovakia Slovaquie
73%
Trinidad and Tobago Trinité-et-Tobago
73%
Turkey Turquie
73%
Tuvalu Tuvalu
73%
United Arab Emirates Emirats Arabes Unis
71%
El Salvador Le Salvador
71%
Libya Libye
71%
Marshall Islands Les îles Marshall
70%
Lebanon Liban
70%
Sudan Soudan
70%
Chad Tchad
70%
United Kingdom Royaume-Uni
69%
Latvia Lettonie
67%
Uganda Ouganda
64%
Netherlands Pays-Bas
64%
Myanmar Birmanie
63%
No matching quizzes found
Score Distribution
Percent of People with Each Score
Percentile by Number Answered
Your Score History
You have not taken this quiz